| 000 | 01342nam a2200181Ia 4500 | ||
|---|---|---|---|
| 008 | 151202s9999||||xx |||||||||||||| ||und|| | ||
| 082 | _bPNVM-49350 | ||
| 100 | _aवर्मा व्रजेश्वर/अनु-केळकर इंदुमती. | ||
| 245 | _aसूरदास सन 1478 ते 1580 संतकवि हिंदी व्रजेश्वर वर्मा यांच्या संशोधन प्रबंधाचा अनुवाद. | ||
| 260 | _b"नॅशनल बुक ट्रस्ट इंडिया, नवी दिल्ली." | ||
| 260 | _c0 1969 | ||
| 300 | _a150 | ||
| 600 | _aवर्मा व्रजेश्वर/अनु-केळकर इंदुमती. | ||
| 630 | _aसूरदास सन 1478 ते 1580 संतकवि हिंदी व्रजेश्वर वर्मा यांच्या संशोधन प्रबंधाचा अनुवाद. | ||
| 700 | _aवर्मा व्रजेश्वर/अनु-केळकर इंदुमती. | ||
| 730 | _aसूरदास सन 1478 ते 1580 संतकवि हिंदी व्रजेश्वर वर्मा यांच्या संशोधन प्रबंधाचा अनुवाद. | ||
| 942 | _cBOOK | ||
| 999 |
_c1315247 _d1315244 |
||